| 000 | 00837cab a2200277 4500 | ||
|---|---|---|---|
| 001 | ABS52291 | ||
| 008 | 090401t1995 xxu||||| |||| 00| 0 eng d | ||
| 035 | _a(Sirsi) u71233 | ||
| 041 | _aeng | ||
| 100 | _aWebster-Blaine, Y. | ||
| 245 | _aProperty professionals and system design | ||
| 260 | _c1995 | ||
| 350 | _a0 | ||
| 490 |
_aProperty Management _v13(1) 1995, 24-28(5) |
||
| 520 | _aDescribes aspects of the development of a PC-based system for a local authority asset register and valuation system. | ||
| 650 | _aASSET REGISTERS | ||
| 650 | _aGIS | ||
| 650 | _aLOCAL AUTHORITIES | ||
| 650 | _aPROPERTY INFORMATION SYSTEMS | ||
| 650 | _aSOFTWARE PACKAGES | ||
| 690 | _aMANAGEMENT-BUSINESS MANAGEMENT-INFORMATION MANAGEMENT | ||
| 700 | _aGronow, S. | ||
| 700 | _aJenkins, D. | ||
| 942 | _n0 | ||
| 948 | _c04/03/1997 | ||
| 999 |
_c44878 _d44878 |
||